| 000 | 00904nam a22002297a 4500 | ||
|---|---|---|---|
| 999 |
_c7284 _d7284 |
||
| 003 | OSt | ||
| 005 | 20211222142728.0 | ||
| 008 | 200109e201910 spcad|| ||||| 0|0 0 cat|d | ||
| 017 |
_aDL B 21533-2019 _bBiblioteca de Catalunya |
||
| 020 | _a9788417925055 | ||
| 040 |
_aES-BaUB _bcat _cCDMR |
||
| 100 | 1 | _aLevi, Simona, | |
| 245 | 1 | 0 |
_a#Fake you _b: fake news i desinformació : _bgoverns, partits polítics, mass media, corporacions, grans fortunes, monopolis de la manipulació informativa i retallades de la llibertat d'expressió / _cun projecte dirigit per Simona Levi |
| 260 |
_aBarcelona : _bLlegir en català, Associació d'Editorials Independents ; _bRaig verd, _c2019 |
||
| 300 |
_a215 p. : _bil ; _c20 cm |
||
| 504 | _aInclou bibliografia | ||
| 650 | 4 | _aDesinformació | |
| 650 | 4 |
_aMitjans de comunicació de massa _xManipulació |
|
| 650 | 0 |
_aFake news _94796 |
|
| 940 | _aUB | ||
| 942 |
_cMON _2udc |
||